Stíny hieroglyfů / Texty o umění

Salvato in:
Dettagli Bibliografici
Autore principale: Srp, Karel (Autore)
Natura: Libro
Lingua:ceco
Pubblicazione: Řevnice Arbor vitae 2015
Soggetti:
Tags: Aggiungi Tag
Nessun Tag, puoi essere il primo ad aggiungerne!!

MARC

LEADER 00000nam a22000003a 4500
001 0009183
003 SK-STU
005 20151123093710.8
007 ta
008 151123s ----xo-----e------000-0-----d
020 |a 978-80-7467-080-0 
040 |a STU  |b slo 
041 0 |a cze 
044 |a xr 
100 1 |a Srp, Karel  |4 aut 
245 1 0 |a Stíny hieroglyfů /  |c aut. Karel Srp  |b Texty o umění 
260 |a Řevnice  |b Arbor vitae  |c 2015 
300 |a 213 s. 
650 0 7 |a spoločenské vedy 
650 0 7 |a social sciences 
650 0 7 |a dejiny a teória umenia 
650 0 7 |a filozofia 
650 0 7 |a alegória 
996 |b 284AU06558  |c A* 9563/U  |l AAKNAR  |s A  |a 24  |w 0009183_0001